000 00444nam a2200181Ia 4500
001 10241
005 20260306161817.0
008 260306t2011||||xx |||||||||||||| ||spa||
041 _aESP
082 _a909.82
_bB25
100 _aBarraclough, Geoffrey
_eAUT
245 0 _aIntroducción a la historia contemporánea, 1890-1960
260 _c2011
300 _a270 p
_c23 cm.
650 _aGEN
654 _aCHU
942 _cLIB
_dJUS
_fJUS
_2ddc
_n
999 _c10241
_d10241